000 00637cam a2200193 4500
001 000019840
005 20200929170147.0
008 740710s1973 qucaf b 000 0 fre
020 _a0840502249
040 _aDO-SdBNP
_bspa
_cBNPHU
245 0 0 _aOzias Leduc et Paul-Emile Borduas /
_c[par G.-A. Vachon et al.].
260 _aMontreal, :
_bPresses de l'Universite de Montreal,
_c1973.
300 _a152 p. :
_bil. ;
_c19 cm.
490 0 _aConférences J. A. de Séve ;
_v15-16
504 _aIncluye referencias bibliográficas
600 1 0 _aLeduc, Ozias.
_942349
600 1 0 _aBorduas, Paul-Emile,
_d1905-1960.
_939507
082 0 0 _a759.11
999 _c19353
_d19353